01122nam a2200277Ia 4500008004100000020001500041040001800056041000800074100003300082245020500115260007900320300001800399504003900417650002800456650002100484650001200505650003000517650003300547650001600580650003000596650002100626650001800647700002500665710011600690710003800806130821s1999 ck gr spa  a9589097235 aCo-BoUCMbspa00aspa10aHederich Martinez, Christian00aEstilos cognitivos en Colombia Resultados en cinco regiones culturales Colombianas, segunda etapa del proyecto de regiones cognitivos en ColombiacChristian Hederich Martínez, Angela Camacho Uribe. aBogotá (Cundinamarca, Colombia)bUniversidad Pedagógica Nacionalc1999 a214 páginas aIncluye bibliografía e índice.04aAntropología cultural04aAptitud creadora04aFamilia04aGrupos socialeszColombia04aLenguaje y culturazColombia04aPensamiento04aTeoría del conocimiento04aValores sociales04aVida familiar aCamargo Uribe Angela2 aInstituto Colombiano para el Desarrollo de la Ciencia y la Tecnología Francisco José de Caldas. COLCIENCIAS2 aUniversidad Pedagógica Nacional